00321cam a22001217a 4500008004000000082001900040100002700059245003900086260002500125300001000150500001200160650002700172180718b1960 xxu||||| |||| 00| 0 eng d aBA27x5411 B288 aBaruah, Tapan Kumar M. aIdu MishmiscTapan Kumar M. Baruah aShillongbNEFAc1960 a110p. aRs.3.55 aMishmi (Indic people).